000 01022nam a2200265 i 4500
001 bg
245 0 0 _aCztery reformy :
_bod koncepcji do realizacji /
_cpod red. Leny Kolarskiej-Bobińskiej ; Instytut Spraw Publicznych.
260 _aWarszawa :
_bISP :
_bOficyna Naukowa,
_c2000.
300 _a319 s. :
_b3 il. ;
_c24 cm.
650 9 _aSłużba zdrowia
_xreforma
_zPolska
_yod 1989 r.
650 9 _aSzkolnictwo
_xreforma
_zPolska
_yod 1989 r.
650 9 _aUbezpieczenia społeczne
_xreforma
_zPolska
_yod 1989 r.
651 9 _aPolska
_xadministracja
_xreforma
_yod 1989 r.
655 _aMateriały konferencyjne
700 1 _aKOLARSKA-BOBIŃSKA, Lena
_d(1947- ).
_eRed.
710 0 _aInstytut Spraw Publicznych
020 _a8388164163 (ON)
040 _cBPK
041 0 _apl
080 _a351/354:369.5:368.91:614.2:37.014.3](438)"1989/..."(061)
920 _a83-88164-16-3 (ON)
942 _cKS
008 s pl f |000 0 pol
999 _c39145
_d39145
856 _uhttp://koha.tu.koszalin.pl/cgi-bin/koha/opac-detail.pl?biblionumber=39145
_yKatalog online BPK